[Event "Mittelfrank Regionalliga Sud-West 2223"]
[Site "Mittelfranken"]
[Date "2023.04.23"]
[Round "9.7"]
[White "Martin, Rudolf"]
[Black "Jachs, Walter"]
[Result "1/2-1/2"]
[WhiteElo "1758"]
[BlackElo "1966"]
[PlyCount "58"]
[EventDate "2022.10.09"]
[EventType "team-tourn"]
[EventRounds "9"]
[EventCountry "GER"]
[SourceTitle "EXT 2024"]
[Source "ChessBase"]
[SourceDate "2023.10.10"]
[SourceVersion "1"]
[SourceVersionDate "2023.10.10"]
[SourceQuality "1"]
[WhiteTeam "Kempten"]
[BlackTeam "Haar"]
[WhiteTeamCountry "GER"]
[BlackTeamCountry "GER"]

1. e4 d6 2. d4 Nf6 3. Bd3 Nc6 4. c3 e5 5. d5 Ne7 6. Ne2 g6 7. 0-0 Bg7 8. Nd2 0-0 9. Nb3 c6 10. dxc6 bxc6 11. h3 a5 12. Be3 a4 13. Nd2 d5 14. exd5 cxd5 15. Bc5 Re8 16. Bc2 Bb7 17. Nf3 Qc7 18. Ba3 Bc6 19. Nd2 Bb5 20. Re1 Nc6 21. Nf1 Red8 22. Bd3 Bxd3 23. Qxd3 Na5 24. Bb4 Nc4 25. Rab1 Ne4 26. Neg3 Nc5 27. Bxc5 Qxc5 28. Nd2 e4 29. Ngxe4 Qc6 1/2-1/2

[Event "Mittelfrank Regionalliga Sud-West 2223"]
[Site "Mittelfranken"]
[Date "2023.03.19"]
[Round "8.7"]
[White "Jachs, Walter"]
[Black "Kollmann, Robert"]
[Result "1/2-1/2"]
[WhiteElo "1966"]
[BlackElo "1948"]
[PlyCount "27"]
[EventDate "2022.10.09"]
[EventType "team-tourn"]
[EventRounds "9"]
[EventCountry "GER"]
[SourceTitle "EXT 2024"]
[Source "ChessBase"]
[SourceDate "2023.10.10"]
[SourceVersion "1"]
[SourceVersionDate "2023.10.10"]
[SourceQuality "1"]
[WhiteTeam "Haar"]
[BlackTeam "Marktoberdorf"]
[WhiteTeamCountry "GER"]
[BlackTeamCountry "GER"]

1. e4 e6 2. d4 d5 3. Nd2 c5 4. Ngf3 cxd4 5. exd5 Qxd5 6. Bc4 Qh5 7. 0-0 Nc6 8. Nb3 Nf6 9. Nbxd4 Nxd4 10. Qxd4 Bc5 11. Bb5+ Ke7 12. Qe5 Qxe5 13. Nxe5 Nd7 14. Nxd7 1/2-1/2

[Event "Mittelfrank Regionalliga Sud-West 2223"]
[Site "Mittelfranken"]
[Date "2023.01.15"]
[Round "5.6"]
[White "Wittke, Volker"]
[Black "Jachs, Walter"]
[Result "1-0"]
[WhiteElo "2046"]
[BlackElo "1966"]
[PlyCount "61"]
[EventDate "2022.10.09"]
[EventType "team-tourn"]
[EventRounds "9"]
[EventCountry "GER"]
[SourceTitle "EXT 2024"]
[Source "ChessBase"]
[SourceDate "2023.10.10"]
[SourceVersion "1"]
[SourceVersionDate "2023.10.10"]
[SourceQuality "1"]
[WhiteTeam "Garching III"]
[BlackTeam "Haar"]
[WhiteTeamCountry "GER"]
[BlackTeamCountry "GER"]

1. e4 d6 2. d4 Nf6 3. Nc3 g6 4. f3 c6 5. Be3 b5 6. a3 Bg7 7. Bd3 Nbd7 8. Nge2 Bb7 9. Qd2 a6 10. g4 c5 11. g5 Nh5 12. dxc5 dxc5 13. Ng3 Nxg3 14. hxg3 Ne5 15. Be2 Qxd2+ 16. Bxd2 f5 17. gxf6 exf6 18. 0-0-0 0-0-0 19. Be3 Rxd1+ 20. Rxd1 Nd7 21. Nd5 Re8 22. Bf1 Bxd5 23. Rxd5 f5 24. Bh3 Bf8 25. Bf4 Nf6 26. Rd1 Kb7 27. exf5 gxf5 28. Bxf5 Nh5 29. Rd7+ Kc6 30. Rxh7 Nf6 31. Rf7 1-0

[Event "Regionalliga Sued-West 1819"]
[Site "Bayern"]
[Date "2019.03.24"]
[Round "8.6"]
[White "Bohnhoff, Peter"]
[Black "Jachs, Walter"]
[Result "1/2-1/2"]
[WhiteElo "2033"]
[BlackElo "2015"]
[PlyCount "32"]
[EventDate "2018.10.21"]
[EventType "team-tourn"]
[EventRounds "9"]
[EventCountry "GER"]
[SourceTitle "EXT 2022"]
[Source "ChessBase"]
[SourceDate "2021.10.06"]
[SourceVersion "1"]
[SourceVersionDate "2021.10.06"]
[SourceQuality "1"]
[WhiteTeam "Altstadt Roter Turm"]
[BlackTeam "Haar"]
[WhiteTeamCountry "GER"]
[BlackTeamCountry "GER"]

1. Nf3 g6 2. c4 Nf6 3. Nc3 d5 4. cxd5 Nxd5 5. Qb3 Nb6 6. d4 Bg7 7. Bf4 Be6 8. Qa3 Nc6 9. e3 Nd5 10. Bg3 Nxc3 11. bxc3 0-0 12. Bb5 Bd5 13. 0-0 Bxf3 14. gxf3 e5 15. Bxc6 bxc6 16. Qc5 Qd6 1/2-1/2

[Event "Regionalliga Sued-West 1718"]
[Site "Bayern"]
[Date "2017.12.10"]
[Round "4.7"]
[White "Jachs, Walter"]
[Black "Essler, Richard"]
[Result "1/2-1/2"]
[WhiteElo "2014"]
[BlackElo "1878"]
[PlyCount "29"]
[EventDate "2017.10.22"]
[EventType "team-tourn"]
[EventRounds "9"]
[EventCountry "GER"]
[SourceTitle "EXT 2022"]
[Source "ChessBase"]
[SourceDate "2021.10.06"]
[SourceVersion "1"]
[SourceVersionDate "2021.10.06"]
[SourceQuality "1"]
[WhiteTeam "Haar"]
[BlackTeam "Mering"]
[WhiteTeamCountry "GER"]
[BlackTeamCountry "GER"]

1. e4 c5 2. c3 d5 3. exd5 Qxd5 4. d4 Nf6 5. Nf3 e6 6. Be3 Be7 7. Bd3 0-0 8. 0-0 b6 9. c4 Qd8 10. Nc3 cxd4 11. Nxd4 Bb7 12. Qe2 Nc6 13. Nxc6 Bxc6 14. Rfd1 Qc8 15. f3 1/2-1/2

[Event "Regionalliga Sued-West 1718"]
[Site "Bayern"]
[Date "2017.11.26"]
[Round "3.7"]
[White "Wesely, Wolfgang"]
[Black "Jachs, Walter"]
[Result "1/2-1/2"]
[WhiteElo "1916"]
[BlackElo "2014"]
[PlyCount "28"]
[EventDate "2017.10.22"]
[EventType "team-tourn"]
[EventRounds "9"]
[EventCountry "GER"]
[SourceTitle "EXT 2022"]
[Source "ChessBase"]
[SourceDate "2021.10.06"]
[SourceVersion "1"]
[SourceVersionDate "2021.10.06"]
[SourceQuality "1"]
[WhiteTeam "Altstadt Roter Turm"]
[BlackTeam "Haar"]
[WhiteTeamCountry "GER"]
[BlackTeamCountry "GER"]

1. e4 d6 2. d4 Nf6 3. Nc3 g6 4. f4 Bg7 5. Nf3 0-0 6. Bd3 Na6 7. 0-0 c5 8. d5 Bg4 9. Be3 Nc7 10. Qe1 Bxf3 11. Rxf3 e6 12. dxe6 Nxe6 13. Qh4 Nd7 14. Qg3 Nd4 1/2-1/2

[Event "GER-chT Betriebe 16th"]
[Site "Dresden"]
[Date "2016.11.03"]
[Round "2.4"]
[White "Zunk, Olaf"]
[Black "Jachs, Walter"]
[Result "1/2-1/2"]
[WhiteElo "1347"]
[BlackElo "1998"]
[PlyCount "41"]
[EventDate "2016.11.03"]
[EventType "team-swiss"]
[EventRounds "7"]
[EventCountry "GER"]
[SourceTitle "EXT 2020"]
[Source "ChessBase"]
[SourceDate "2019.10.17"]
[SourceVersion "1"]
[SourceVersionDate "2019.10.17"]
[SourceQuality "1"]
[WhiteTeam "Muenchen ADAC II"]
[BlackTeam "Muenchen Europ Patentamt"]
[WhiteTeamCountry "GER"]
[BlackTeamCountry "GER"]

1. b3 e5 2. Bb2 Nc6 3. e3 a6 4. Nc3 d5 5. d4 exd4 6. exd4 Nf6 7. Qd2 Bd6 8. 0-0-0 0-0 9. Kb1 Bf5 10. Bd3 Qd7 11. Nge2 Rfe8 12. f3 Ne7 13. g4 Bxd3 14. Qxd3 c6 15. h4 Ng6 16. h5 Nf4 17. Nxf4 Bxf4 18. Ne2 Qd6 19. Nxf4 Qxf4 20. Bc1 Qd6 21. g5 1/2-1/2

[Event "GER-chT Betriebe 15th"]
[Site "Munich"]
[Date "2015.10.22"]
[Round "1.1"]
[White "Baudrexel, Peter"]
[Black "Jachs, Walter"]
[Result "1/2-1/2"]
[WhiteElo "1841"]
[BlackElo "2003"]
[PlyCount "70"]
[EventDate "2015.10.22"]
[EventType "team-swiss"]
[EventRounds "7"]
[EventCountry "GER"]
[SourceTitle "EXT 2020"]
[Source "ChessBase"]
[SourceDate "2019.10.17"]
[SourceVersion "1"]
[SourceVersionDate "2019.10.17"]
[SourceQuality "1"]
[WhiteTeam "Muenchen ADAC II"]
[BlackTeam "Muenchen EPA III"]
[WhiteTeamCountry "GER"]
[BlackTeamCountry "GER"]

1. d4 Nf6 2. Nf3 g6 3. c4 Bg7 4. Nc3 d5 5. e3 0-0 6. Be2 c5 7. 0-0 dxc4 8. Bxc4 Nc6 9. a3 cxd4 10. Nxd4 Nxd4 11. Qxd4 Qxd4 12. exd4 Rd8 13. Be3 b6 14. Rac1 Bb7 15. Nb5 Rd7 16. f3 Nd5 17. Bxd5 Bxd5 18. Rfe1 Bb7 19. Rc2 a6 20. Nc3 Rc8 21. Rd2 b5 22. Ne4 Bxe4 23. fxe4 Rc4 24. e5 e6 25. Rf2 h5 26. Ref1 Bf8 27. h3 a5 28. g4 hxg4 29. hxg4 Rdc7 30. Kg2 a4 31. Kg3 Rc2 32. Kf3 b4 33. axb4 Bxb4 34. Ke4 R2c4 35. Rh1 Rc2 1/2-1/2

[Event "GER-chT Betriebe 15th"]
[Site "Munich"]
[Date "2015.10.22"]
[Round "2.1"]
[White "Jachs, Walter"]
[Black "Safyanovsky, Mark"]
[Result "1/2-1/2"]
[WhiteElo "2003"]
[BlackElo "2248"]
[PlyCount "48"]
[EventDate "2015.10.22"]
[EventType "team-swiss"]
[EventRounds "7"]
[EventCountry "GER"]
[SourceTitle "EXT 2020"]
[Source "ChessBase"]
[SourceDate "2019.10.17"]
[SourceVersion "1"]
[SourceVersionDate "2019.10.17"]
[SourceQuality "1"]
[WhiteTeam "Muenchen EPA III"]
[BlackTeam "Berlin Osram"]
[WhiteTeamCountry "GER"]
[BlackTeamCountry "GER"]

1. e4 g6 2. d4 Bg7 3. Nc3 d6 4. f4 Nc6 5. Be3 Nf6 6. Nf3 0-0 7. Be2 Ng4 8. Bg1 e5 9. dxe5 dxe5 10. h3 Nf6 11. Qxd8 Rxd8 12. fxe5 Ne8 13. Bh2 Nb4 14. Bd1 c6 15. a3 Na6 16. Be2 Nac7 17. 0-0 Bh6 18. Rad1 Be6 19. Rxd8 Rxd8 20. Rd1 Rxd1+ 21. Nxd1 Bd7 22. Bc4 Ne6 23. Bxe6 Bxe6 24. Nd4 Bd7 1/2-1/2

[Event "Regionalliga SW 1314"]
[Site "Bayern"]
[Date "2014.04.06"]
[Round "9.6"]
[White "Tibitanzl, Thomas"]
[Black "Jachs, Walter"]
[Result "1/2-1/2"]
[WhiteElo "1979"]
[BlackElo "2007"]
[PlyCount "38"]
[EventDate "2013.10.13"]
[EventType "team-tourn"]
[EventRounds "9"]
[EventCountry "GER"]
[SourceTitle "EXT 2015"]
[Source "ChessBase"]
[SourceDate "2014.11.20"]
[SourceVersion "1"]
[SourceVersionDate "2014.11.20"]
[SourceQuality "1"]
[WhiteTeam "MSA Zugzwang II"]
[BlackTeam "Haar"]
[WhiteTeamCountry "GER"]
[BlackTeamCountry "GER"]

1. d4 Nf6 2. Nf3 g6 3. Bf4 Bg7 4. c3 0-0 5. Nbd2 d5 6. e3 c5 7. Bd3 Qb6 8. Rb1 Nc6 9. h3 Nd7 10. 0-0 e5 11. dxe5 Ndxe5 12. Nxe5 Nxe5 13. Bc2 Be6 14. Qe2 Rfe8 15. Rfd1 Nc6 16. a3 Rad8 17. Qf1 Rd7 18. Nf3 d4 19. c4 h6 1/2-1/2

[Event "Regionalliga SW 1314"]
[Site "Bayern"]
[Date "2014.02.09"]
[Round "6.6"]
[White "Mattes, Heinz"]
[Black "Jachs, Walter"]
[Result "1/2-1/2"]
[WhiteElo "1996"]
[BlackElo "2007"]
[PlyCount "93"]
[EventDate "2013.10.13"]
[EventType "team-tourn"]
[EventRounds "9"]
[EventCountry "GER"]
[SourceTitle "EXT 2015"]
[Source "ChessBase"]
[SourceDate "2014.11.20"]
[SourceVersion "1"]
[SourceVersionDate "2014.11.20"]
[SourceQuality "1"]
[WhiteTeam "Muenchen Siemens"]
[BlackTeam "Haar"]
[WhiteTeamCountry "GER"]
[BlackTeamCountry "GER"]

1. d4 Nf6 2. Nf3 g6 3. c4 c5 4. d5 Bg7 5. Nc3 0-0 6. e4 d6 7. h3 e6 8. Be2 exd5 9. exd5 Re8 10. 0-0 Nbd7 11. Bf4 Ne5 12. Nxe5 dxe5 13. Be3 b6 14. Qd2 Rf8 15. Bg5 Qd7 16. Rad1 Ne8 17. d6 Bb7 18. Be7 f5 19. Bxf8 Bxf8 20. Rfe1 Qxd6 21. Bf1 e4 22. Qg5 Qf6 23. Qxf6 Nxf6 24. Nd5 Bxd5 25. cxd5 Bd6 26. Bc4 Kf8 27. Re2 Rd8 28. a4 a5 29. f3 Be5 30. fxe4 Nxe4 31. g4 Bd4+ 32. Kg2 Nd6 33. b3 fxg4 34. hxg4 Re8 35. Rf1+ Kg7 36. Re6 Rxe6 37. dxe6 Bf6 38. Rd1 Be7 39. Rf1 g5 40. Rf3 h6 41. Kf1 Bf6 42. Ke2 Be7 43. Kd3 Bf6 44. Bd5 Be7 45. Bc6 Bf6 46. Bd7 Be7 47. Bc6 1/2-1/2

[Event "Regionalliga SW 1314"]
[Site "Bayern"]
[Date "2013.11.24"]
[Round "3.6"]
[White "Jachs, Walter"]
[Black "Wiest, Leonhard"]
[Result "1/2-1/2"]
[WhiteElo "2007"]
[BlackElo "1953"]
[PlyCount "43"]
[EventDate "2013.10.13"]
[EventType "team-tourn"]
[EventRounds "9"]
[EventCountry "GER"]
[SourceTitle "EXT 2015"]
[Source "ChessBase"]
[SourceDate "2014.11.20"]
[SourceVersion "1"]
[SourceVersionDate "2014.11.20"]
[SourceQuality "1"]
[WhiteTeam "Haar"]
[BlackTeam "Dachau"]
[WhiteTeamCountry "GER"]
[BlackTeamCountry "GER"]

1. e4 e6 2. d4 d5 3. Nc3 Bb4 4. e5 c5 5. a3 Bxc3+ 6. bxc3 Ne7 7. Qg4 0-0 8. Bd3 Nbc6 9. Qh4 g6 10. Qh6 f6 11. Nf3 Nf5 12. Bxf5 exf5 13. 0-0 cxd4 14. cxd4 Be6 15. Re1 Qd7 16. exf6 Rxf6 17. h4 Re8 18. h5 Qg7 19. Qxg7+ Kxg7 20. h6+ Kg8 21. Rb1 b6 22. Bf4 1/2-1/2

[Event "Regionalliga SW 1213"]
[Site "Bayern"]
[Date "2013.04.14"]
[Round "9.5"]
[White "Jachs, Walter"]
[Black "Joerg, Harald"]
[Result "1/2-1/2"]
[WhiteElo "2029"]
[BlackElo "2179"]
[PlyCount "114"]
[EventDate "2012.10.14"]
[EventType "team-tourn"]
[EventRounds "9"]
[EventCountry "GER"]
[SourceTitle "EXT 2015"]
[Source "ChessBase"]
[SourceDate "2014.11.20"]
[SourceVersion "1"]
[SourceVersionDate "2014.11.20"]
[SourceQuality "1"]
[WhiteTeam "Haar"]
[BlackTeam "Muenchen Siemens"]
[WhiteTeamCountry "GER"]
[BlackTeamCountry "GER"]

1. e4 e5 2. Nf3 Nc6 3. Bb5 Bc5 4. 0-0 Nf6 5. Nxe5 Nxe5 6. d4 a6 7. Be2 Be7 8. dxe5 Nxe4 9. Qd5 Nc5 10. Be3 d6 11. Bxc5 dxc5 12. Qxd8+ Bxd8 13. Nd2 0-0 14. f4 Be7 15. Bf3 Rb8 16. Nc4 Rd8 17. Rad1 Rd4 18. Ne3 c6 19. g3 Be6 20. a3 Rbd8 21. c3 Rd2 22. Rxd2 Rxd2 23. Rf2 Rd3 24. Re2 Bd5 25. Kf2 c4 26. Bxd5 cxd5 27. Ke1 Bc5 28. Nf5 Kf8 29. Rd2 Rxd2 30. Kxd2 b5 31. Ne3 d4 32. Nd5 d3 33. g4 a5 34. h3 g6 35. f5 gxf5 36. gxf5 Bg1 37. Nc7 Bh2 38. Nxb5 Bxe5 39. Na7 Bc7 40. Nc6 Kg7 41. Nd4 Kf6 42. b3 Bf4+ 43. Kd1 cxb3 44. Nxb3 Kxf5 45. Nxa5 Ke4 46. Nb3 Kd5 47. Nd2 Be5 48. c4+ Kc5 49. Nf3 Bf4 50. Nd2 f5 51. a4 Bc7 52. a5 Kd4 53. a6 Bb6 54. Nf3+ Kxc4 55. Kd2 f4 56. Ne5+ Kd4 57. Nxd3 Ke4 1/2-1/2

[Event "Regionalliga SW 1213"]
[Site "Bayern"]
[Date "2013.02.03"]
[Round "6.5"]
[White "Katzameyer, Michael"]
[Black "Jachs, Walter"]
[Result "1/2-1/2"]
[WhiteElo "1942"]
[BlackElo "2029"]
[PlyCount "35"]
[EventDate "2012.10.14"]
[EventType "team-tourn"]
[EventRounds "9"]
[EventCountry "GER"]
[SourceTitle "EXT 2015"]
[Source "ChessBase"]
[SourceDate "2014.11.20"]
[SourceVersion "1"]
[SourceVersionDate "2014.11.20"]
[SourceQuality "1"]
[WhiteTeam "Muenchen RTA"]
[BlackTeam "Haar"]
[WhiteTeamCountry "GER"]
[BlackTeamCountry "GER"]

1. d4 Nf6 2. Nf3 g6 3. Bg5 Ne4 4. Bf4 Bg7 5. e3 0-0 6. Nbd2 Nxd2 7. Qxd2 c5 8. c3 d6 9. Be2 Nc6 10. d5 Ne5 11. 0-0 Bg4 12. Ne1 Bxe2 13. Qxe2 Qa5 14. Nf3 Nxf3+ 15. Qxf3 c4 16. Rfd1 Rac8 17. Qe2 b5 18. a3 1/2-1/2

[Event "Regionalliga SW 1112"]
[Site "Bayern"]
[Date "2012.04.15"]
[Round "9.6"]
[White "Jachs, Walter"]
[Black "Osthoff, Michael"]
[Result "1-0"]
[WhiteElo "1961"]
[BlackElo "1981"]
[PlyCount "85"]
[EventDate "2011.10.02"]
[EventType "team-tourn"]
[EventRounds "9"]
[EventCountry "GER"]
[SourceTitle "EXT 2015"]
[Source "ChessBase"]
[SourceDate "2014.11.20"]
[SourceVersion "1"]
[SourceVersionDate "2014.11.20"]
[SourceQuality "1"]
[WhiteTeam "Haar"]
[BlackTeam "Muenchen Siemens"]
[WhiteTeamCountry "GER"]
[BlackTeamCountry "GER"]

1. e4 c5 2. c3 d5 3. exd5 Qxd5 4. d4 Nc6 5. Nf3 cxd4 6. cxd4 e5 7. Nc3 Bb4 8. Bd2 Bxc3 9. Bxc3 e4 10. Ne5 Nxe5 11. dxe5 Ne7 12. Be2 0-0 13. 0-0 Bf5 14. Qa4 Nc6 15. Rfd1 Qe6 16. Bc4 Qg6 17. Rd6 Qg5 18. Bd5 e3 19. f4 Qh4 20. g3 Qh5 21. Re1 e2 22. Qb5 Ne7 23. Bg2 Bg4 24. Qxb7 Nf5 25. Rd3 Rfd8 26. Rxd8+ Rxd8 27. Qc7 Re8 28. Qxa7 h6 29. a4 Rd8 30. a5 Rd3 31. Qa8+ Kh7 32. a6 Ne3 33. Be4+ g6 34. e6 Rxc3 35. exf7 Rc8 36. Qxc8 Bxc8 37. f8Q Ng4 38. h4 Bxa6 39. Qe7+ Kg8 40. Qe8+ Kg7 41. Qe7+ Kg8 42. Qe6+ Kg7 43. Bd5 1-0

[Event "Regionalliga SW 1112"]
[Site "Bayern"]
[Date "2012.02.05"]
[Round "6.7"]
[White "Jachs, Walter"]
[Black "Wesely, Wolfgang"]
[Result "1/2-1/2"]
[WhiteElo "1993"]
[BlackElo "1909"]
[PlyCount "48"]
[EventDate "2011.10.02"]
[EventType "team-tourn"]
[EventRounds "9"]
[EventCountry "GER"]
[SourceTitle "EXT 2020"]
[Source "ChessBase"]
[SourceDate "2019.10.17"]
[SourceVersion "1"]
[SourceVersionDate "2019.10.17"]
[SourceQuality "1"]
[WhiteTeam "Haar"]
[BlackTeam "Muenchen RTA"]
[WhiteTeamCountry "GER"]
[BlackTeamCountry "GER"]

1. e4 e6 2. d4 d5 3. Nd2 dxe4 4. Nxe4 Nd7 5. Nf3 Ngf6 6. Nxf6+ Nxf6 7. Bd3 c5 8. Be3 cxd4 9. Bxd4 Be7 10. 0-0 0-0 11. Ne5 Qc7 12. Qf3 Bc5 13. Bxc5 Qxc5 14. Rfe1 Rd8 15. Rad1 Bd7 16. Re3 Bc6 17. Qf4 Be8 18. Rg3 Nh5 19. Qe3 Qxe3 20. Rxe3 Nf4 21. g3 Nxd3 22. Rexd3 Rxd3 23. Rxd3 f6 24. Nf3 Rc8 1/2-1/2

[Event "Regionalliga SW 1011"]
[Site "Bayern"]
[Date "2011.03.20"]
[Round "8.7"]
[White "Weinberger, Wolfgang"]
[Black "Jachs, Walter"]
[Result "0-1"]
[WhiteElo "2068"]
[BlackElo "1967"]
[PlyCount "76"]
[EventDate "2010.10.10"]
[EventType "team-tourn"]
[EventRounds "9"]
[EventCountry "GER"]
[SourceTitle "EXT 2012"]
[Source "ChessBase"]
[SourceDate "2011.11.24"]
[SourceVersion "1"]
[SourceVersionDate "2011.11.24"]
[SourceQuality "1"]
[WhiteTeam "Garching II"]
[BlackTeam "Haar"]
[WhiteTeamCountry "GER"]
[BlackTeamCountry "GER"]

1. d4 Nf6 2. c4 g6 3. Nc3 d5 4. cxd5 Nxd5 5. Bd2 Nb6 6. e3 Bg7 7. Nf3 0-0 8. Be2 Nc6 9. 0-0 e5 10. Nxe5 Nxe5 11. dxe5 Bxe5 12. Qc2 Qe7 13. Rad1 Re8 14. e4 Be6 15. Be3 Nc4 16. Bd4 c6 17. b3 Bxd4 18. Rxd4 Ne5 19. Qd2 c5 20. Rd6 Nc6 21. Rd3 Rad8 22. f3 Rxd3 23. Qxd3 Rd8 24. Qe3 Nd4 25. Nb5 Nxb5 26. Bxb5 a6 27. Be2 Rd4 28. Rc1 Qd6 29. Qc3 Rd2 30. Rc2 Rxc2 31. Qxc2 Qd4+ 32. Kf1 b5 33. a4 c4 34. axb5 cxb3 35. Qb1 a5 36. Qd3 Qxd3 37. Bxd3 b2 38. b6 Bc4 0-1

[Event "Finkenstein op"]
[Site "Finkenstein"]
[Date "1996.??.??"]
[Round "7"]
[White "Jachs, Walter"]
[Black "Kock, Hans Uwe"]
[Result "1-0"]
[WhiteElo "2060"]
[BlackElo "2235"]
[PlyCount "65"]
[EventDate "1996.??.??"]
[EventType "swiss"]
[EventRounds "9"]
[EventCountry "AUT"]
[SourceTitle "EXT 1997"]
[Source "ChessBase"]
[SourceDate "1996.11.15"]
[SourceVersion "1"]
[SourceVersionDate "1996.11.15"]
[SourceQuality "1"]

1. e4 c6 2. d4 d5 3. exd5 cxd5 4. Bd3 Nc6 5. c3 Nf6 6. Bf4 Bg4 7. Qb3 Qc8 8. Nd2 e6 9. Ngf3 Be7 10. 0-0 0-0 11. h3 Bf5 12. Bxf5 exf5 13. Rfe1 Rd8 14. Ne5 Nxe5 15. Bxe5 Ne4 16. Nf1 Qd7 17. f3 Ng5 18. Re2 Ne6 19. Rae1 Rac8 20. Bh2 Bh4 21. g3 Bf6 22. f4 g6 23. Nd2 Bxd4+ 24. cxd4 Nxd4 25. Qd3 Nxe2+ 26. Rxe2 Rc1+ 27. Kg2 d4 28. Bg1 Qd5+ 29. Nf3 Qxa2 30. Bxd4 Rdc8 31. Qe3 R1c2 32. h4 Qb1 33. Nd2 1-0

[Event "Finkenstein op"]
[Site "Finkenstein"]
[Date "1996.??.??"]
[Round "9"]
[White "Jachs, Walter"]
[Black "Soln, Primoz"]
[Result "0-1"]
[WhiteElo "2060"]
[BlackElo "2330"]
[PlyCount "28"]
[EventDate "1996.??.??"]
[EventType "swiss"]
[EventRounds "9"]
[EventCountry "AUT"]
[SourceTitle "EXT 1997"]
[Source "ChessBase"]
[SourceDate "1996.11.15"]
[SourceVersion "1"]
[SourceVersionDate "1996.11.15"]
[SourceQuality "1"]

1. e4 c5 2. d4 cxd4 3. c3 Nf6 4. e5 Nd5 5. Qxd4 e6 6. Nf3 Nc6 7. Qe4 f5 8. exf6 Nxf6 9. Qh4 Qc7 10. Bg5 Be7 11. Bd3 Ne5 12. Nxe5 Qxe5+ 13. Kf1 Qd5 14. Bc4 Qd1# 0-1

[Event "Finkenstein op"]
[Site "Finkenstein"]
[Date "1996.??.??"]
[Round "5"]
[White "Jachs, Walter"]
[Black "Wiesinger, Johann"]
[Result "1-0"]
[WhiteElo "2060"]
[BlackElo "1750"]
[PlyCount "49"]
[EventDate "1996.??.??"]
[EventType "swiss"]
[EventRounds "9"]
[EventCountry "AUT"]
[SourceTitle "EXT 1997"]
[Source "ChessBase"]
[SourceDate "1996.11.15"]
[SourceVersion "1"]
[SourceVersionDate "1996.11.15"]
[SourceQuality "1"]

1. e4 e5 2. f4 exf4 3. Nf3 d6 4. Bc4 h6 5. h4 Be6 6. Bxe6 fxe6 7. d4 Nf6 8. Nc3 Nbd7 9. Bxf4 Qe7 10. Qd2 0-0-0 11. 0-0-0 Qf7 12. Rhe1 Nb6 13. Bh2 Be7 14. Qe2 Nfd7 15. Kb1 g5 16. hxg5 hxg5 17. Bg1 Qh5 18. d5 e5 19. a4 Nb8 20. a5 N6d7 21. Nb5 Na6 22. Nxa7+ Kb8 23. Nc6+ bxc6 24. Qxa6 c5 25. Rd3 1-0

[Event "Finkenstein op"]
[Site "Finkenstein"]
[Date "1996.??.??"]
[Round "8"]
[White "Mazi, Leon"]
[Black "Jachs, Walter"]
[Result "1-0"]
[WhiteElo "2325"]
[BlackElo "2060"]
[PlyCount "78"]
[EventDate "1996.??.??"]
[EventType "swiss"]
[EventRounds "9"]
[EventCountry "AUT"]
[SourceTitle "EXT 1997"]
[Source "ChessBase"]
[SourceDate "1996.11.15"]
[SourceVersion "1"]
[SourceVersionDate "1996.11.15"]
[SourceQuality "1"]

1. e4 d6 2. d4 Nf6 3. Nc3 g6 4. g3 Bg7 5. Bg2 0-0 6. h3 Nbd7 7. Nf3 e5 8. 0-0 Qe7 9. Re1 c6 10. a4 b6 11. Be3 a6 12. Nd2 Ne8 13. Nb3 Bb7 14. Qd2 Rd8 15. Kh2 Nc7 16. Rad1 Rfe8 17. Re2 Ne6 18. d5 cxd5 19. Nxd5 Bxd5 20. Qxd5 Ndc5 21. Qc4 Qb7 22. Red2 Bf8 23. Nc1 b5 24. axb5 axb5 25. Qd5 Qa6 26. c3 Ra8 27. Nd3 Nc7 28. Nxc5 Nxd5 29. Nxa6 Nxe3 30. Nc7 Nxd1 31. Rxd1 Red8 32. Nxa8 Rxa8 33. Bf1 Rb8 34. b4 Rc8 35. Rd3 Rc6 36. Kg2 Kg7 37. Kf3 f5 38. Bg2 Kf6 39. Ke2 Bh6 1-0